Quiz spécial Coupe du Monde - Statistiques

Statistiques générales
  • Ce quiz a été pris 108 fois
  • Le résultat moyen est 10 sur 15
Statistiques - réponses
Question Réponse % Correct
Où s'est déroulée la première CDM ? Uruguay
94%
Où aura lieu la CDM 2026 ? États-Unis, le Canada et le Mexique
92%
Qui a remporté la première édition de la CDM ? Uruguay
89%
Quel est le nom de la mascotte de la CDM 1998 ? Footix
77%
Qui est le meilleur buteur en CDM ? Klose
76%
En matière de score/but, quelle est la particularité de la Finale de la CDM 1994 ? Aucun but n'a été inscrit avant les tirs au but
74%
En quelle année s'est déroulée la premiere CDM ? 1930
72%
Quelle est, à ce jour, la seule CDM organisée par deux pays ? 2002
72%
Après des mois de blessure, M. Owen revient pour Angleterre - Suède lors de la CDM 2006. Que s’est il passé ? Il se reblesse (rupture des ligaments) après 1 minute et sans aucun contact
69%
Quelle erreur d’arbitrage a été commise lors de Croatie Australie à la CDM 2006 ? L'arbitre a donné 3 cartons jaunes au même joueur
61%
Combien de finale(s) de CDM se sont terminé(es) aux tirs au but ? 3
49%
Dans combien de villes la CDM 2026 se déroulera-t-elle ? 16
42%
Quelle est la particularité du but d'Emmanuel Petit en finale de CDM 1998 ? C'est le 1000e but de l'histoire de l'Equipe de France
40%
Quel est le nom de la mascotte de la CDM 2018 ? Zabivaka
36%
Quel est le score du match le plus prolifique de l'histoire de la Coupe du monde ? 7 - 5
31%
Aucun quiz correspondant
Distribution des résultats
% des personnes avec chaque résultat
Percentile par nombre de réponses
Votre historique - résultats
Vous n’avez pas pris ce quiz